Europe by Any 2 Letters Blitz Quiz Stats

 Plays Quiz Updated Mar 28, 2017

Challenge
Share
Tweet
Score 0/47 Timer 00:30
1 Play Today
% Correct
Switzerland
99%
Bosnia & Herzegovina
98.6%
United Kingdom
98.1%
Estonia
96.4%
Lithuania
96.3%
Ukraine
96.2%
Portugal
95.8%
Austria
95.7%
Slovenia
95.5%
France
95.5%
Ireland
95.5%
Germany
95.2%
San Marino
95.2%
Bulgaria
95.2%
Macedonia
95.2%
Luxembourg
94.4%
Poland
94.2%
Romania
94%
Netherlands
93.7%
Iceland
93.5%
Belarus
93.3%
Spain
93.2%
Italy
92.9%
Latvia
92.5%
% Correct
Montenegro
92.3%
Croatia
91.7%
Liechtenstein
91.2%
Sweden
91.1%
Finland
90.5%
Vatican City
89.9%
Russia
89.5%
Hungary
88.6%
Norway
88.2%
Andorra
87.5%
Denmark
87.4%
Belgium
87.3%
Serbia
87.1%
Turkey
86.1%
Greece
84.2%
Monaco
84%
Slovakia
83.8%
Albania
79.8%
Cyprus
78.6%
Czechia
75.7%
Moldova
75.3%
Malta
60.9%
Kosovo
39.8%

You're not logged in!

Compare scores with friends on all Sporcle quizzes.
OR
Log In

You Might Also Like...

Show Comments

Extras

Top Quizzes Today


Score Distribution

Your Account Isn't Verified!

In order to create a playlist on Sporcle, you need to verify the email address you used during registration. Go to your Sporcle Settings to finish the process.

Report this User

Report this user for behavior that violates our Community Guidelines.

Details: